000
00259nam a2200109Ia 4500
008
240625s9999 xx 000 0 und d
041
_a
eng
082
_a
332.6
100
_a
PRING MARTIN J
245
_a
HOW TO SELECT STOCKS USING TECHNICAL ANA
260
_c
2008
999
_c
35129
_d
35129